The South African Survey Journal (Record no. 118845)

MARC details
000 -LEADER
fixed length control field 00993cas a22002295a 4500
001 - CONTROL NUMBER
control field L131022
008 - FIXED-LENGTH DATA ELEMENTS--GENERAL INFORMATION
fixed length control field 050921d19231985sa qr p 0 a0eng u
035 ## - SYSTEM CONTROL NUMBER
System control number (Sirsi) u131022
041 1# - LANGUAGE CODE
Language code of text/sound track or separate title eng
-- afr
110 2# - MAIN ENTRY--CORPORATE NAME
Corporate name or jurisdiction name as entry element Institute of Land Surveyors of the Union of South Africa and Southern Rhodesia
9 (RLIN) 5287
240 00 - UNIFORM TITLE
Uniform title SA Survey Journal
245 04 - TITLE STATEMENT
Title The South African Survey Journal
260 ## - PUBLICATION, DISTRIBUTION, ETC.
Place of publication, distribution, etc. Cape Town
Name of publisher, distributor, etc. s.n.
Date of publication, distribution, etc. 1923-1985
362 ## - DATES OF PUBLICATION AND/OR SEQUENTIAL DESIGNATION
Dates of publication and/or sequential designation 1(1) December 1923-19(3) (114) December 1984
520 ## - SUMMARY, ETC.
Summary, etc. Incomplete holdings.
520 ## - SUMMARY, ETC.
Summary, etc. "The official organ of the Institute of Govenment Land Surveyors, Cape of Good Hope; the Institute of Land Surveyors of the Transvaal; the Surveyors' Institute of Natal; and the Orange Free State Surveyors' Association" (from cover of first issue).
554 ## -
-- Four per year
651 #4 - SUBJECT ADDED ENTRY--GEOGRAPHIC NAME
Geographic name South Africa
690 ## - LOCAL SUBJECT ADDED ENTRY--TOPICAL TERM (OCLC, RLIN)
Topical term or geographic name as entry element ENVIRONMENTAL AND LAND CONSULTANCY-GEOMATICS-LAND SURVEYING
785 00 - SUCCEEDING ENTRY
Title South African Journal of Surveying and Mapping
942 ## - ADDED ENTRY ELEMENTS (KOHA)
Suppress in OPAC 0
Holdings
Withdrawn status Lost status Source of classification or shelving scheme Damaged status Not for loan Home library Current library Shelving location Date acquired Total Checkouts Full call number Barcode Date last seen Price effective from Koha item type
    Dewey Decimal Classification     London London Basement 21/09/2005   SOUTH AFRICAN JOURNAL OF SURVEYING... 131022-1001 06/08/2019 06/08/2019 Journal